000 00577nam a2200229Ia 4500
003 OSt
005 20220924153004.0
006 a|||||r|||| 00| 0
007 ta
008 220923b |||||||| |||| 00| 0 guj d
024 _a346329
037 _cTextual
040 _aARTS
_cARTS
_bguj
041 _2guj
_aguj
082 _aO156,3M92:g, K3.1-.2
100 _aDoshi
_9227937
245 0 _aRamlal v desia
260 _c1963
650 _aGUJRATI LITERATURE
942 _hO156,3M92:g, K3.1-.2
_cTEXL
_2CC
999 _c471871
_d471871